Score 0/26 Timer 04:00
10 Plays Today
% Correct
Sweden
93.9%
South Africa
93.7%
Spain
93.5%
Saudi
Arabia
91.9%
South Korea
91.5%
Sudan
90.7%
Switzerland
88.4%
Sri Lanka
88.3%
Slovakia
87%
Somalia
86.7%
Suriname
85.8%
Slovenia
85.5%
South
Sudan
85.5%
% Correct
Syria
85.2%
San Marino
83.8%
Serbia
83.3%
Singapore
82.7%
Seychelles
81.4%
Senegal
78.4%
Saint Kitts
and Nevis
74.2%
Sierra Leone
71.9%
Saint Lucia
70.9%
Samoa
70.8%
Saint Vincent
and the
Grenadines
67.8%
Solomon Islands
67%
São Tomé
and Príncipe
66.8%

You're not logged in!

Compare scores with friends on all Sporcle quizzes.
OR
Log In

Sporcle TV

Today on Sporcle TV


Watch our educational content, quiz creation guides, and fun videos on Sporcle TV.

Show Comments

Extras

Top Quizzes Today


Score Distribution

Paid Content

Your Account Isn't Verified!

In order to create a playlist on Sporcle, you need to verify the email address you used during registration. Go to your Sporcle Settings to finish the process.

Report this User

Report this user for behavior that violates our Community Guidelines.

Details: